[Event "Mechanics' Spring TNM; 30/90, SD/30"]
[Site "San Francisco"]
[Date "2013.04.30"]
[Round "7.2"]
[White "Winslow, Elliott"]
[Black "Fuentes, Romulo"]
[Result "1-0"]
[WhiteElo "2319"]
[BlackElo "2220"]
[PlyCount "109"]
[EventDate "2013.??.??"]

1. d4 Nf6 2. Nf3 c5 3. d5 e6 4. c4 exd5 5. cxd5 Bd6 6. Bg5 O-O 7. Nc3 Re8 8. e3
h6 9. Bh4 a6 10. a4 Bf8 11. Bd3 d6 12. h3 Nbd7 13. O-O Rb8 14. Qb1 b6 15. b4
Be7 16. Bg3 cxb4 17. Qxb4 Nc5 18. Bc2 Bd7 19. Nd4 Qc8 20. Rfd1 Bf8 21. Rac1 Qb7
22. Bf5 g6 23. Bxd7 Nfxd7 24. Nc6 Rbc8 25. Rb1 Qc7 26. e4 Bg7 27. f3 Bxc3 28.
Qxc3 Nxa4 29. Qd4 Nac5 30. Kh2 a5 31. Qb2 Kh7 32. Rbc1 Ra8 33. Nd4 Ne5 34. Qa3
h5 35. Bh4 Ned7 36. Qe3 f6 37. Nb5 Qb8 38. Qf4 g5 39. Qf5+ Kh6 40. Bg3 Re5 41.
Bxe5 dxe5 42. Rxc5 bxc5 43. Qxd7 a4 44. Nd6 Qf8 45. Nf5+ Kg6 46. Ra1 a3 47. Ra2
c4 48. d6 g4 49. h4 Rd8 50. Qc7 Rb8 51. Qxc4 gxf3 52. gxf3 Rb2+ 53. Rxb2 axb2
54. Qc2 Qb8 55. Qg2+ 1-0

[Event "Mechanics' Winter TNM; 30/90, SD/30"]
[Site "San Francisco"]
[Date "2013.01.22"]
[Round "3.12"]
[White "Winslow, Elliott"]
[Black "Hack, Richard"]
[Result "1-0"]
[WhiteElo "2319"]
[BlackElo "1674"]
[PlyCount "41"]
[EventDate "2013.??.??"]

1. d4 f5 2. c4 Nf6 3. Nf3 g6 4. Nc3 Bg7 5. Bf4 d6 6. Qd2 O-O 7. Bh6 Qe8 8. Bxg7
Kxg7 9. e3 Bd7 10. O-O-O e5 11. dxe5 dxe5 12. Nd5 Nxd5 13. Qxd5 e4 14. Ng5 Rf6
15. Qxb7 Na6 16. Rxd7+ Qxd7 17. Qxa8 Rd6 18. Be2 Nb4 19. Qxa7 Nd3+ 20. Bxd3
Rxd3 21. Qxc7 1-0

[Event "Mechanics' Winter TNM; 30/90, SD/30"]
[Site "San Francisco"]
[Date "2013.02.12"]
[Round "6.2"]
[White "Winslow, Elliott"]
[Black "Ivanov, Aleksandr"]
[Result "1-0"]
[WhiteElo "2319"]
[BlackElo "2022"]
[PlyCount "151"]
[EventDate "2013.??.??"]

1. d4 d5 2. c4 c6 3. Nf3 Nf6 4. e3 a6 5. Qb3 g6 6. a4 Bg7 7. Nc3 O-O 8. Bd3 Qa5
9. Bd2 dxc4 10. Bxc4 Qh5 11. Ne5 e6 12. Be2 Qh4 13. g3 Qh3 14. Bf1 Qf5 15. Bg2
Nfd7 16. f4 Nxe5 17. dxe5 Qd3 18. Bf1 Qd8 19. Ne4 a5 20. Rd1 Qc7 21. h4 Nd7 22.
h5 b5 23. hxg6 hxg6 24. Bg2 Bb7 25. Nd6 Nxe5 26. Nxb7 Qxb7 27. fxe5 Bxe5 28.
Bc3 Qc7 29. axb5 Rab8 30. Bxe5 Qxe5 31. Qc3 Qxc3+ 32. bxc3 cxb5 33. Ra1 b4 34.
cxb4 axb4 35. Rb1 Rfc8 36. Rb2 Rb6 37. Ke2 Kg7 38. Rhb1 Rcb8 39. Be4 Rb5 40.
Bc2 R5b6 41. Bb3 Rc8 42. Rc2 Ra8 43. Kf3 Rb7 44. Rbc1 Rd8 45. Rc7 Rd7 46. Rxb7
Rxb7 47. Ke4 Kf6 48. Rc5 Ke7 49. g4 Kd6 50. Ra5 f5+ 51. Kd4 Rb6 52. g5 Rc6 53.
Rb5 Ra6 54. Bc4 Rc6 55. Bb3 Ra6 56. Re5 Ke7 57. Kc4 Ra1 58. Kxb4 Ra6 59. Bc4
Rd6 60. Kc5 Kd7 61. Kb4 Ke7 62. Kc3 Kd7 63. Ra5 Ke7 64. Ra6 Rxa6 65. Bxa6 Kd6
66. Kd4 e5+ 67. Kc4 Ke6 68. Bc8+ Kd6 69. Bb7 Ke6 70. Bd5+ Kd6 71. Bf7 f4 72. e4
Ke7 73. Bxg6 Ke6 74. Bh5 Ke7 75. Kd5 f3 76. Bxf3 1-0

[Event "Mechanics' Fall TNM; 30/90, SD/30"]
[Site "San Francisco"]
[Date "2013.12.17"]
[Round "9.3"]
[White "Winslow, Elliott"]
[Black "Ivanov, Aleksandr"]
[Result "1-0"]
[WhiteElo "2280"]
[BlackElo "2103"]
[Annotator "Donaldson"]
[PlyCount "93"]
[EventDate "2013.??.??"]

1. Nf3 Nf6 2. d4 g6 3. c4 c5 4. Nc3 cxd4 5. Nxd4 Bg7 6. e4 d6 7. Be2 O-O 8. Be3
Nc6 9. O-O Nxd4 10. Bxd4 Bd7 11. f4 Bc6 12. Qd3 Qa5 13. Rab1 Qc7 14. Rbc1 Qd7
15. Nd5 Bxd5 16. cxd5 Rfc8 17. Bf3 Qa4 18. a3 Qd7 19. h3 Rc7 20. Qe3 b6 21.
Rxc7 Qxc7 22. Rc1 Qd7 {Diagram #} 23. Qc3 $1 {
Seizing the c-file. Equally good was 23.Rc6!} Qa4 24. b3 Qa6 25. a4 Rf8 26. Qc4
Qb7 27. Kf2 h5 28. Ke3 Rd8 29. Qc7 Rd7 30. Qc8+ Kh7 31. Qxb7 Rxb7 32. Rc8 Nd7
33. Be2 a5 34. Bc4 Nc5 {Diagram #} 35. e5 $1 dxe5 36. fxe5 Nd7 37. Kf4 f5 38.
Bb5 Bh6+ 39. Kf3 Bg7 40. e6 Ne5+ 41. Ke2 Bf6 42. Bc6 Ra7 43. Bxb6 Ra6 44. Bc5
Nxc6 45. dxc6 Kg7 46. Kd3 f4 47. Kc4 1-0

[Event "Mechanics' Neil Falconer TNM; 30/90, SD"]
[Site "San Francisco"]
[Date "2013.09.24"]
[Round "8.2"]
[White "Winslow, Elliott"]
[Black "Lee, Andy"]
[Result "1/2-1/2"]
[WhiteElo "2298"]
[BlackElo "2316"]
[Annotator "Winslow"]
[PlyCount "104"]
[EventDate "2013.??.??"]

1. d4 d5 2. Nf3 Nc6 3. g3 Bg4 4. Bg2 e6 5. O-O Nf6 6. c4 Be7 7. Nc3 O-O 8. cxd5
Nxd5 9. e4 Nxc3 10. bxc3 e5 11. Rb1 exd4 12. cxd4 Bxf3 13. Bxf3 Nxd4 14. Rxb7
Rb8 15. Rxa7 Rb1 16. Qd3 Nxf3+ 17. Qxf3 Qb8 18. Be3 Rxf1+ 19. Kxf1 Re8 20. Kg2
Bg5 21. e5 Bxe3 22. Qxe3 f6 23. Qc5 Rxe5 24. Qc4+ Kh8 25. Rxc7 Qa8+ 26. f3 Re8
27. a4 (27. Qf7 Rg8 28. h4) 27... Qa5 28. Re7 $2 (28. f4) 28... Qd2+ 29. Kf1
Qd1+ 30. Kf2 Rd8 $2 (30... Qd2+ 31. Qe2 Qd4+ 32. Qe3 Qb2+ 33. Kf1 Qb1+ $11) 31.
Kg2 (31. Re2 Qh1 32. Qh4 h6 33. Qh5 Kh7 34. g4) 31... h6 32. Qe4 f5 33. Qxf5
Qxa4 34. Qe5 Qc2+ 35. Kh3 Qc8+ 36. g4 Rg8 37. Kh4 (37. f4 Qc1 38. Qd4 Qa3+ 39.
Re3 (39. Qe3 Qxe3+ 40. Rxe3 Rf8 41. Kg3 (41. f5))) 37... Qc6 38. Re6 Qc1 39. f4
Kh7 40. g5 $2 (40. Re7 Qd2 41. h3 Qd3 42. f5) 40... hxg5+ 41. Qxg5 (41. fxg5
Qc4+) 41... Qd1 $4 42. Qf5+ $2 (42. Qg6+ Kh8 43. Re5 $18) 42... g6 43. Re7+ Rg7
44. Rxg7+ Kxg7 45. Qe5+ Kf7 46. Qc7+ Kf6 47. Qc3+ Kf7 48. Qc4+ Kf6 49. Qc3+ Kf7
50. Qe5 $2 (50. Qe3) 50... Qd8+ 51. Kg4 Qd1+ 52. Kg3 Qg1+ 1/2-1/2

[Event "Mechanics' Summer TNM; 30/90, SD/30"]
[Site "San Francisco"]
[Date "2013.07.02"]
[Round "6.1"]
[White "Winslow, Elliott"]
[Black "Manvelyan, Hayk"]
[Result "0-1"]
[WhiteElo "2281"]
[BlackElo "2293"]
[Annotator "Houdini 3 and Donaldson"]
[PlyCount "112"]
[EventDate "2013.??.??"]

1. e4 e5 2. Nf3 Nc6 3. Bb5 g6 4. Nc3 Bg7 5. d3 Nge7 6. Bg5 h6 7. Bd2 O-O 8. Nd5
$6 Nxd5 9. exd5 Ne7 10. Bc4 c6 11. dxc6 d5 12. Bb3 e4 13. Ng1 Nxc6 $17 14. dxe4
dxe4 15. Qc1 Qh4 (15... Bg4 16. Bxh6 (16. h3 Qh4) 16... Qa5+ 17. Bd2 Qh5 {
is a promising and aggressive suggestion by Houdini 3.}) 16. Ne2 Bg4 17. Ng3
Nd4 18. h3 Bd7 19. Be3 Nxb3 20. axb3 f5 21. Ne2 g5 22. Qd2 Bc6 23. O-O-O {
White, through a series of precise moves, has now reached a position that
offers mutual chances.} f4 24. Bc5 $6 (24. Bd4 {trading off Black's strong
bishop is more logical but Winslow, in a must win game (he trailed Manvelyan
by a point in the standings) may have decided he needed to avoid further
simplification.}) 24... Rfd8 25. Qb4 e3 26. f3 (26. Qc4+ Kh7 27. Bd4 {
was an interesting try as} Qxf2 {can be met by} 28. Qd3+ Kg8 29. Qg6 Rd7 30.
Bxg7 Rxg7 31. Qe6+ Kh7 32. Rd6 Qxe2 33. Qxh6+ Kg8 34. Qe6+ {
with a draw by perpetual check - Houdini 3.}) 26... Qf2 27. Nd4 $2 (27. Qc4+
Kh7 28. Bd4 Qxg2 29. Bxg7 Kxg7 30. Qc3+ Kh7 31. Qf6 Rxd1+ 32. Rxd1 {
and with threats of Qf5+, Qf7+ and Rd6 White is able to force a draw.}) 27...
Qxg2 28. h4 Bxf3 29. Rhg1 e2 (29... Qf2 {
appears to have been immediately decisive:} 30. Nxf3 (30. Rdf1 Qd2+) 30... Qxf3
31. Qc4+ Kh7 32. hxg5 Rxd1+ 33. Rxd1 e2 34. Re1 hxg5 35. Rxe2 Qf1+ 36. Kd2 Rd8+
{- Houdini 3.}) 30. Rde1 Qf2 31. Nxe2 (31. Ne6 Qxg1 32. Nxd8 Qxe1+ 33. Qxe1
Rxd8 $19) 31... Qxh4 32. Nd4 (32. Bd4 Bxe2 33. Bxg7 f3 34. Qxh4 gxh4 35. Bf6+
Kf7 36. Bxh4 $17) 32... Bg4 $2 (32... Qh3 $17 {
The text puts Black's queen in danger.}) 33. Re7 (33. Rh1 {
was correct as it allows White's knight to enter the fight.} Qf2 (33... Qg3 34.
Qc4+ Kh7 35. Ne6) 34. Nf5 Qxe1+ 35. Rxe1 Bxf5 36. Qc4+ ({or} 36. Re7) 36... Kh8
37. Qf7 {
and Houdini 3 evaluates this complicated position as offering mutual chances.})
33... Rd7 34. Rxd7 Bxd7 35. Qxb7 Re8 36. Qd5+ (36. Qxd7 Re1+ 37. Kd2 Rxg1 38.
Qd5+ {draws but around here IM Winslow may have felt encouraged to try for
more due to the aforementioned tournament standings and the recent change in
fortunes at the board.}) 36... Kh8 37. Nf3 (37. Qxd7 Re1+ 38. Kd2 {
transposes to the line given in the last note.}) 37... Qh3 (37... Be6 38. Qe4
Qh5 39. Nxg5 Bg8 40. Qb7 $11) 38. Nxg5 $1 Qf5 39. Nf7+ Kh7 40. Rxg7+ (40. Qxf5+
Bxf5 41. Nd6 Rf8 42. Nxf5 Rxf5 43. Bxa7 {had to be played. White needs to
centralize his King immediately and should not be afraid of giving up the pawn
on b2. This ending looks holdable and in view of the alternatives was clearly
the best White could hope but at this point Winslow was already in serious
time pressure.}) 40... Kxg7 41. Bd4+ Kh7 42. Ne5 Re7 (42... f3 $1 43. Nxd7 Re1+
44. Kd2 Re2+ 45. Kc3 Rxc2+ 46. Kb4 Qxd5 47. Nf6+ Kg6 48. Nxd5 f2 $19 {
- Houdini 3.}) 43. Qd6 Qe6 44. Qb8 Re8 45. Qb7 Re7 46. Qb8 Qd5 47. c3 $2 (47.
Nf3 {was the last try hoping for} Qxf3 (47... Be8 $1 {wins.}) 48. Qh8+ Kg6 49.
Qf6+ Kh5 50. Qxe7) 47... Qh1+ 48. Kd2 Qg2+ 49. Kd3 f3 50. Kc4 f2 51. Nd3 f1=Q
52. Qh8+ Kg6 53. Qg8+ Kf5 54. Qf8+ Kg4 55. Qxe7 Qc6+ 56. Kb4 Qxd3 0-1

[Event "Mechanics' Fall TNM; 30/90, SD/30"]
[Site "San Francisco"]
[Date "2013.11.19"]
[Round "5.14"]
[White "Winslow, Elliott"]
[Black "McCarty-Snead, Callaghan"]
[Result "1-0"]
[WhiteElo "2280"]
[BlackElo "1592"]
[Annotator "Winslow,Elliott C"]
[PlyCount "97"]
[EventDate "2013.??.??"]

1. d4 Nf6 2. Nf3 d5 3. c4 c6 4. e3 Bf5 5. Nc3 e6 6. Nh4 Bg6 7. Qb3 Qb6 8. Nxg6
hxg6 9. c5 Qc7 10. f4 Nbd7 11. Bd2 Be7 12. g3 g5 13. Qa4 gxf4 14. exf4 Nh5 15.
Bg2 g6 16. b4 b6 17. Kf2 f6 {"1/2?"} 18. Qc2 f5 {"1/2?"} 19. Rae1 Ng7 20. h3
Kf7 {"1/2?"} 21. Rc1 bxc5 22. bxc5 Bf6 23. Qa4 Rab8 24. Rb1 Rxb1 25. Rxb1 Rb8
26. Rb3 Rxb3 27. axb3 Qb7 28. Bf1 Nb8 29. Be3 Kf8 {"1/2?"} 30. b4 a6 31. Kf3
Kg8 32. Qa5 Qc8 33. Qb6 Bd8 34. Qa7 Qc7 35. Qa8 Qc8 36. Kf2 Kh7 37. Na4 a5 38.
bxa5 Qc7 39. Nb6 g5 40. a6 Nd7 41. Nxd7 Qa5 42. Qb7 Qa2+ 43. Be2 gxf4 44. Bxf4
Qa1 45. Be5 Be7 46. Nf6+ Kg6 47. Qxe7 Qh1 48. Bh5+ Kh6 49. Bf4# 1-0

[Event "Mechanics' Spring TNM; 30/90, SD/30"]
[Site "San Francisco"]
[Date "2013.05.07"]
[Round "8.1"]
[White "Winslow, Elliott"]
[Black "Shakhnazarov, Oleg"]
[Result "1-0"]
[WhiteElo "2319"]
[BlackElo "2184"]
[Annotator "Donaldson"]
[PlyCount "85"]
[EventDate "2013.??.??"]

1. d4 d5 2. c4 c6 3. Nf3 e6 4. Nc3 Nd7 5. cxd5 exd5 6. Bf4 Ngf6 7. Qc2 Be7 8.
h3 O-O 9. e3 Ne4 10. Nxe4 dxe4 11. Qxe4 (11. Nd2 {was safer.}) 11... Bb4+ 12.
Kd1 Nc5 13. Qc2 Ne6 14. Be5 f6 15. Bg3 c5 16. Bc4 b5 17. Bd3 f5 18. Be5 c4 19.
Be2 (19. Bxf5 {was more testing.}) 19... Bb7 20. Nd2 Rc8 21. Bf3 Bxf3+ 22. gxf3
Qh4 23. Ke2 c3 24. Qb3 $1 Qe7 25. Rag1 g6 26. bxc3 Rxc3 27. Qb2 Rfc8 28. Rc1
Ng5 29. Rxc3 Rxc3 30. Nb1 Qb7 $2 (30... Rc4 {with roughly equal chances.}) 31.
Nxc3 Qxf3+ 32. Kd3 Bxc3 33. Qxc3 Qe4+ 34. Kd2 Nf3+ 35. Kc1 Nxe5 36. Rd1 Nc4 37.
d5 Qe7 38. d6 Qd7 39. Qf6 b4 40. Rd4 Na3 41. Rxb4 Qc6+ 42. Kb2 Nc4+ 43. Rxc4
1-0

[Event "Mechanics' Winter TNM; 30/90, SD/30"]
[Site "San Francisco"]
[Date "2013.01.08"]
[Round "1.1"]
[White "Winslow, Elliott"]
[Black "Solomonik, Edgar"]
[Result "1-0"]
[WhiteElo "2319"]
[BlackElo "1799"]
[PlyCount "59"]
[EventDate "2013.??.??"]

1. d4 Nf6 2. c4 c5 3. d5 b5 4. Nf3 e6 5. Bg5 exd5 6. cxd5 d6 7. e4 a6 8. Nfd2
Be7 9. Bxf6 Bxf6 10. Qc2 O-O 11. a4 Qa5 12. Nc3 Bb7 13. Be2 c4 14. O-O Qb4 15.
Rfc1 Rc8 16. Bg4 Rc7 17. Ra2 Nd7 18. Bxd7 Rxd7 19. axb5 axb5 20. Rxa8+ Bxa8 21.
b3 cxb3 22. Qxb3 Qxb3 23. Nxb3 Bg5 24. Ra1 Rd8 25. Nxb5 f5 26. Nc7 Bxd5 27.
exd5 Rd7 28. Ne6 Bf6 29. Nbd4 Rb7 30. f4 1-0

[Event "Mechanics' Fall TNM; 30/90, SD/30"]
[Site "San Francisco"]
[Date "2013.12.03"]
[Round "7.9"]
[White "Winslow, Elliott"]
[Black "Starr, Albert"]
[Result "1-0"]
[WhiteElo "2280"]
[BlackElo "1452"]
[PlyCount "67"]
[EventDate "2013.??.??"]

1. d4 f5 2. g3 e6 3. Bg2 c6 4. Nf3 Nf6 5. O-O Be7 6. c4 O-O 7. Nbd2 d5 8. b3 h6
9. Bb2 Nbd7 10. Ne1 Qc7 11. Nd3 b6 12. Rc1 Qb8 13. Nf3 Bd6 14. e3 Bc7 15. Qc2
Bb7 16. Nf4 Re8 17. cxd5 Bxf4 18. dxc6 Ba6 19. cxd7 Nxd7 20. gxf4 Qd8 21. Rfd1
Rc8 22. Qd2 Nf6 23. Rxc8 Bxc8 24. d5 Ne4 25. Qd4 Re7 26. dxe6 Qxd4 27. Nxd4
Bxe6 28. Bxe4 fxe4 29. Nxe6 Rxe6 30. Rd8+ Kh7 31. Rd7 Rg6+ 32. Kf1 a5 33. f5
Rg5 34. f6 1-0

[Event "Mechanics' Neil Falconer TNM; 30/90, SD"]
[Site "San Francisco"]
[Date "2013.09.10"]
[Round "6.2"]
[White "Winslow, Elliott"]
[Black "Steger, Alex"]
[Result "1-0"]
[WhiteElo "2298"]
[BlackElo "1990"]
[PlyCount "49"]
[EventDate "2013.??.??"]

1. c4 e6 2. Nc3 d5 3. d4 Nf6 4. Nf3 Be7 5. Bf4 O-O 6. e3 b6 7. cxd5 Nxd5 8.
Nxd5 Qxd5 9. Bd3 Bb4+ 10. Ke2 Ba6 11. Bxc7 Bxd3+ 12. Qxd3 Nc6 13. a3 Rac8 14.
Bf4 Rfd8 15. Rhc1 Be7 16. Rc3 e5 17. dxe5 Qa5 18. Nd4 Nb4 19. Qb5 Rxc3 20. Qxa5
bxa5 21. bxc3 Nd5 22. Nc6 Nxc3+ 23. Kf3 Rd7 24. Nxe7+ Rxe7 25. Rc1 1-0

[Event "Mechanics' Neil Falconer TNM; 30/90, SD"]
[Site "San Francisco"]
[Date "2013.10.01"]
[Round "9.2"]
[White "Winslow, Elliott"]
[Black "Tsodikova, Natalya"]
[Result "1-0"]
[WhiteElo "2298"]
[BlackElo "2234"]
[PlyCount "67"]
[EventDate "2013.??.??"]

1. d4 Nf6 2. c4 g6 3. Nc3 Bg7 4. e4 d6 5. h3 O-O 6. Nf3 c5 7. d5 a6 8. a4 e5 9.
Bg5 h6 10. Be3 Nh5 11. Qd2 Kh7 12. g4 Nf4 13. Bxf4 exf4 14. Qxf4 Qe7 15. Kd2
Nd7 16. Qe3 Ne5 17. Nxe5 Bxe5 18. f4 Bd4 19. Qg3 Bd7 20. Bd3 Rab8 21. h4 b5 22.
axb5 axb5 23. cxb5 Bxc3+ 24. bxc3 Bxb5 25. Bc2 Kg7 26. g5 hxg5 27. hxg5 Rh8 28.
c4 Bd7 29. Qc3+ f6 30. Rxh8 Rxh8 31. Ra7 Rh2+ 32. Kc1 Rxc2+ 33. Kxc2 Qxe4+ 34.
Kb2 (34. Kd1 $1) 1-0

[Event "Mechanics' Fall TNM; 30/90, SD/30"]
[Site "San Francisco"]
[Date "2013.10.29"]
[Round "2.1"]
[White "Winslow, Elliott"]
[Black "Uzzaman, Ashik"]
[Result "1-0"]
[WhiteElo "2280"]
[BlackElo "1923"]
[PlyCount "91"]
[EventDate "2013.??.??"]

1. e4 c5 2. Nf3 g6 3. d4 cxd4 4. Nxd4 Nc6 5. Nc3 Bg7 6. Be3 Nf6 7. Bc4 O-O 8.
Bb3 a5 9. O-O d6 10. h3 Bd7 11. a4 Qc8 12. Re1 Ne5 13. Qe2 Bxh3 14. gxh3 Qxh3
15. f3 Nh5 16. Qg2 Qd7 17. Nd5 Ra6 18. Rad1 Rc8 19. Bg5 Bf8 20. f4 Nc4 21. Bxc4
Rxc4 22. b3 Rc5 23. c4 f6 24. Bh4 Bh6 25. e5 Nxf4 26. Nxf4 Bxf4 27. exf6 e5 28.
Ne2 Be3+ 29. Bf2 Bxf2+ 30. Qxf2 e4 31. Rd5 Rb6 32. Nd4 Qg4+ 33. Qg2 Qxg2+ 34.
Kxg2 Rxd5 35. cxd5 Kf7 36. Nb5 Kxf6 37. Rxe4 h5 38. Re6+ Kg5 39. Rxd6 Rxd6 40.
Nxd6 b6 41. Nc4 Kf6 42. Nxb6 Ke5 43. Nc4+ Kxd5 44. Nxa5 Kc5 45. Nc4 Kb4 46. a5
1-0

[Event "Mechanics' Summer TNM; 30/90, SD/30"]
[Site "San Francisco"]
[Date "2013.06.18"]
[Round "4.3"]
[White "Winslow, Elliott"]
[Black "Watson, Farid Mark"]
[Result "1/2-1/2"]
[WhiteElo "2281"]
[BlackElo "2027"]
[Annotator "Winslow"]
[PlyCount "64"]
[EventDate "2013.??.??"]

1. d4 Nf6 2. c4 e6 3. Nc3 Bb4 4. e3 b6 5. Nge2 Ba6 6. a3 Bxc3+ 7. Nxc3 d5 8. b3
O-O 9. Be2 (9. a4 $5 Nc6 10. Be2 Re8 $5 11. Bb2 $5 Na5 12. Nb5 c6 13. Na3 Qe7
14. Bc3 Ne4 15. Qc2 Nxc3 16. Qxc3 e5 17. dxe5 Qxe5 $11) 9... Nbd7 $6 (9... Nc6
10. a4 dxc4 11. bxc4 Na5 (11... Qd7) 12. Ba3 Re8 13. Nb5 $11) 10. a4 Ne4 $146
11. Nxe4 dxe4 12. Ba3 Re8 13. O-O Bb7 14. f4 c5 15. Bb2 Qe7 16. Qd2 a5 17. Qc3
f6 18. Rad1 Rad8 19. Rd2 Kh8 20. g4 Kg8 21. h4 (21. d5 exd5 22. cxd5 Qd6 23. g5
Re7 24. h4 $14) 21... cxd4 22. exd4 e5 $6 23. dxe5 fxe5 24. g5 (24. fxe5 $5)
24... Nc5 25. fxe5 (25. Rxd8 Rxd8 (25... Qxd8 26. fxe5) 26. Qxe5 $16) 25... Ne6
26. Bg4 (26. Rxd8 Rxd8 27. Qe3 $16) 26... Qc5+ 27. Kh2 Qc6 (27... Bc8 $1) 28.
Rxd8 Rxd8 29. Qe3 Rd3 30. Qxe4 $2 (30. Qf2 Rf3 31. Bxf3 exf3 32. Qe3 Qd7 33.
Qxb6 (33. Rf2) 33... Qd2+ 34. Rf2 Qf4+ 35. Kg1 Qg4+ 36. Kf1 Be4 37. Bc3 $18 {
wins.}) 30... Rd2+ 31. Kg3 Rd3+ 32. Kh2 Rd2+ 1/2-1/2

[Event "Mechanics' Winter TNM; 30/90, SD/30"]
[Site "San Francisco"]
[Date "2013.02.26"]
[Round "8.2"]
[White "Winslow, Elliott"]
[Black "Wong, Russell"]
[Result "0-1"]
[WhiteElo "2319"]
[BlackElo "2200"]
[PlyCount "102"]
[EventDate "2013.??.??"]

1. d4 Nf6 2. c4 c5 3. d5 b5 4. cxb5 a6 5. bxa6 Bxa6 6. Nc3 g6 7. g3 d6 8. Bg2
Bg7 9. Nf3 O-O 10. O-O Nbd7 11. Rb1 Qa5 12. Bd2 Rfb8 13. b3 Qd8 14. Qc2 Ra7 15.
Rfd1 Rba8 16. a4 Rb8 17. e4 Ne8 18. Bf1 Bxf1 19. Kxf1 Nc7 20. Kg2 Rab7 21. h4
Qc8 22. h5 Rb6 23. hxg6 hxg6 24. Bg5 Nf6 25. Nd2 Qg4 26. Bxf6 Bxf6 27. f3 Qc8
28. Nc4 Ra6 29. Ne2 Na8 30. Qd2 Rb4 31. Nc3 Nb6 32. Nxb6 Raxb6 33. Nb5 Rb7 34.
Rdc1 Qd8 35. Qd3 Qa5 36. f4 R7xb5 37. axb5 Rd4 38. Qf3 Rd2+ 39. Kh3 Qxb5 40.
Rd1 Ra2 41. Re1 Bd4 42. e5 Kg7 43. e6 Rf2 44. Qh1 f5 45. Rf1 Ra2 46. g4 Qe2 47.
gxf5 gxf5 48. Rg1+ Bxg1 49. Rxg1+ Kf6 50. Rg5 Qe3+ 51. Rg3 Qxf4 0-1

[Event "Mechanics' Summer TNM; 30/90, SD/30"]
[Site "San Francisco"]
[Date "2013.07.16"]
[Round "8.3"]
[White "Winslow, Elliott"]
[Black "Zhao, Art"]
[Result "0-1"]
[WhiteElo "2281"]
[BlackElo "2037"]
[PlyCount "72"]
[EventDate "2013.??.??"]

1. Nf3 d5 2. c4 c6 3. d4 Nf6 4. Nc3 dxc4 5. a4 Bf5 6. e3 e6 7. Bxc4 Bb4 8. Qb3
Qe7 9. O-O O-O 10. Nh4 Bg6 11. a5 c5 12. Nxg6 hxg6 13. Na2 Bxa5 14. dxc5 Qxc5
15. Bxe6 fxe6 16. Qxe6+ Rf7 17. b4 Bxb4 18. Nxb4 Qxb4 19. Ba3 Qe4 20. Qb3 Nc6
21. f3 Qd5 22. Qc2 Re8 23. Rfd1 Qg5 24. e4 a6 25. Bc1 Qe5 26. Rb1 Nd4 27. Qc4
Nb5 28. Bb2 Qe6 29. Qb4 Rc7 30. Rd2 Qc4 31. Qa5 Qc5+ 32. Kh1 Nc3 33. Qxc5 Rxc5
34. Rc1 Rec8 35. Re1 Na4 36. Ba3 Rc3 0-1

[Event "Mechanics' Spring TNM; 30/90, SD/30"]
[Site "San Francisco"]
[Date "2013.04.16"]
[Round "5.8"]
[White "Woebcke, Carl"]
[Black "Anderson, Michael"]
[Result "0-1"]
[WhiteElo "1752"]
[BlackElo "1953"]
[PlyCount "41"]
[EventDate "2013.??.??"]

1. e4 c5 2. Nf3 e6 3. d4 cxd4 4. Nxd4 a6 5. Nc3 b5 6. Bd3 Bb7 7. O-O d6 8. Qe2
Nd7 9. a4 b4 10. Na2 d5 11. exd5 Bxd5 12. Bc4 Ngf6 13. Bg5 Qb6 14. Be3 Bc5 15.
a5 Qb7 16. Nf5 O-O 17. Bxd5 Qxd5 18. Bxc5 Qxc5 19. Ne3 Qxa5 20. Qd2 Rab8 21.
Rad1 $4 0-1

[Event "Mechanics' Summer TNM; 30/90, SD/30"]
[Site "San Francisco"]
[Date "2013.06.25"]
[Round "5.22"]
[White "Woebcke, Carl"]
[Black "Bayaraa, Chinguun"]
[Result "1/2-1/2"]
[WhiteElo "1797"]
[BlackElo "1651"]
[PlyCount "73"]
[EventDate "2013.??.??"]

1. e4 c5 2. Nf3 d6 3. d4 cxd4 4. Nxd4 Nf6 5. Nc3 g6 6. Be3 Bg7 7. f3 O-O 8. Qd2
Nc6 9. Bc4 Bd7 10. O-O-O Rc8 11. Bb3 Ne5 12. Kb1 Nc4 13. Bxc4 Rxc4 14. g4 Qa5
15. Nd5 Qxd2 16. Nxf6+ Bxf6 17. Rxd2 Rfc8 18. h4 b5 19. g5 Bg7 20. h5 a5 21.
hxg6 fxg6 22. Rhh2 b4 23. Nb3 Ra8 24. Nc5 Bc8 25. Na4 Rb8 26. b3 Rc6 27. Bd4
Bxd4 28. Rxd4 Ba6 29. Rd1 Kg7 30. Rdh1 Rh8 31. Rc1 Bb5 32. Rd2 Bxa4 33. bxa4
Rhc8 34. Rd3 Rc3 35. f4 R8c4 36. Kb2 Kf7 37. Rd5 1/2-1/2

[Event "Mechanics' Spring TNM; 30/90, SD/30"]
[Site "San Francisco"]
[Date "2013.04.30"]
[Round "7.23"]
[White "Woebcke, Carl"]
[Black "Donnelly, Patrick"]
[Result "1-0"]
[WhiteElo "1752"]
[BlackElo "1643"]
[PlyCount "57"]
[EventDate "2013.??.??"]

1. e4 c5 2. Nf3 d6 3. d4 cxd4 4. Nxd4 Nf6 5. Nc3 a6 6. Bc4 e6 7. Bb3 Be7 8. g4
Nc6 9. g5 Nxd4 10. Qxd4 e5 11. Qd1 Nd7 12. Qh5 g6 13. Qf3 O-O 14. h4 Nc5 15.
Nd5 Nxb3 16. Qxb3 b5 17. Be3 Be6 18. O-O-O Bg4 19. f3 Be6 20. Rdg1 Bxd5 21.
Qxd5 Kg7 22. h5 Rc8 23. f4 exf4 24. Bd4+ f6 25. hxg6 hxg6 26. Rh6 Qe8 27. Rgh1
Rg8 28. Rh7+ Kf8 29. gxf6 1-0

[Event "Mechanics' Winter TNM; 30/90, SD/30"]
[Site "San Francisco"]
[Date "2013.02.05"]
[Round "5.11"]
[White "Woebcke, Carl"]
[Black "Gaffagan, Steven"]
[Result "0-1"]
[WhiteElo "1769"]
[BlackElo "2094"]
[PlyCount "56"]
[EventDate "2013.??.??"]

1. e4 e6 2. d4 d5 3. Nd2 Be7 4. Bd3 c5 5. c3 Nc6 6. exd5 exd5 7. Ne2 Nf6 8. O-O
c4 9. Bc2 Bg4 10. h3 Bh5 11. g4 Bg6 12. Ng3 O-O 13. f4 Bd6 14. Kg2 Bxc2 15.
Qxc2 Qc7 16. Nb1 Rfe8 17. Na3 a6 18. Bd2 b5 19. b4 cxb3 20. axb3 b4 21. cxb4
Qb6 22. Nf5 Nxd4 23. Qd3 Re2+ 24. Kh1 Nxf5 25. gxf5 Rae8 26. Nc2 Qb5 27. Rf3
Ne4 28. Re1 Nf2+ 0-1

[Event "Mechanics' Winter TNM; 30/90, SD/30"]
[Site "San Francisco"]
[Date "2013.02.19"]
[Round "7.20"]
[White "Woebcke, Carl"]
[Black "Graeber, Marie"]
[Result "1-0"]
[WhiteElo "1769"]
[BlackElo "1571"]
[PlyCount "41"]
[EventDate "2013.??.??"]

1. e4 e6 2. d4 d5 3. Nd2 c5 4. Ngf3 cxd4 5. exd5 Qxd5 6. Bc4 Qh5 7. O-O Bd6 8.
Ne4 Bc7 9. Ng3 Bxg3 10. fxg3 Nf6 11. Qxd4 O-O 12. Ne5 Nbd7 13. Bf4 Nxe5 14.
Qxe5 Qxe5 15. Bxe5 Ng4 16. Bd4 e5 17. Bc5 Rd8 18. Rxf7 Kh8 19. Bf8 Ne3 20.
Bxg7+ Kg8 21. Bb3 1-0

[Event "Mechanics' Winter TNM; 30/90, SD/30"]
[Site "San Francisco"]
[Date "2013.01.15"]
[Round "2.26"]
[White "Woebcke, Carl"]
[Black "Hilliard, Michael"]
[Result "1-0"]
[WhiteElo "1769"]
[BlackElo "1429"]
[PlyCount "51"]
[EventDate "2013.??.??"]

1. e4 c6 2. d4 d5 3. Nc3 dxe4 4. Nxe4 Nd7 5. Nf3 Ngf6 6. Ng3 e6 7. Bd3 Be7 8.
O-O O-O 9. b3 Nb6 10. c4 Re8 11. Bb2 c5 12. Qc2 cxd4 13. Bxd4 g6 14. Rad1 Bd7
15. Ba1 Rc8 16. Qb2 Kg7 17. Ne4 h6 18. Bc2 Rg8 19. h4 h5 20. Nfg5 Rh8 21. Rfe1
Rc7 22. Re3 Rh6 23. Rf3 Qf8 24. Nxf6 Bxf6 25. Rxf6 Kg8 26. Rxf7 1-0